Speculation is the name of the game (Record no. 80718)

MARC details
000 -LEADER
fixed length control field 01024cab a22002175a 4500
001 - CONTROL NUMBER
control field L145130
008 - FIXED-LENGTH DATA ELEMENTS--GENERAL INFORMATION
fixed length control field 080909e20080906xxk f 000 0 eng d
035 ## - SYSTEM CONTROL NUMBER
System control number (Sirsi) u145130
041 0# - LANGUAGE CODE
Language code of text/sound track or separate title eng
100 1# - MAIN ENTRY--PERSONAL NAME
Personal name Briant, Julian
245 00 - TITLE STATEMENT
Title Speculation is the name of the game
260 ## - PUBLICATION, DISTRIBUTION, ETC.
Date of publication, distribution, etc. 2008
490 ## - SERIES STATEMENT
Series statement Estates Gazette
Volume/sequential designation (0835) 6 September 2008, 140(1)
520 ## - SUMMARY, ETC.
Summary, etc. Article discusses regulated tenancies and posits that they can be a suitable part of a portfolio of property investments if the investor is willing to speculate to some degree. Discusses the fact that the average age of tenants is over 60 and suggests that, as a result, it may be some time before the landlord can gain possession of the property. Investment risks and grounds for eviction are also covered briefly.
650 24 - SUBJECT ADDED ENTRY--TOPICAL TERM
Topical term or geographic name entry element HOUSING ACT 1988
650 24 - SUBJECT ADDED ENTRY--TOPICAL TERM
Topical term or geographic name entry element RENT ACT 1977
651 #4 - SUBJECT ADDED ENTRY--GEOGRAPHIC NAME
Geographic name United Kingdom
Chronological subdivision
690 ## - LOCAL SUBJECT ADDED ENTRY--TOPICAL TERM (OCLC, RLIN)
Topical term or geographic name as entry element PROPERTY-RESIDENTIAL PROPERTY-RESIDENTIAL LANDLORD AND TENANT-RESIDENTIAL TENANCIES
700 1# - ADDED ENTRY--PERSONAL NAME
Personal name Baynes, Nick
942 ## - ADDED ENTRY ELEMENTS (KOHA)
Suppress in OPAC 0
Holdings
Withdrawn status Lost status Source of classification or shelving scheme Damaged status Not for loan Home library Current library Shelving location Date acquired Total Checkouts Full call number Barcode Date last seen Copy number Price effective from Koha item type
    Dewey Decimal Classification     London London Journal article 09/09/2008   L145130 145130-1001 06/08/2019 1 06/08/2019 Journal article